Statistiche per Sigle/Canzoni di Giorgio Vanni

Clicka qui per fare il quiz!

Statistiche generali

  • Questo quiz è stato fatto 29 volte
  • Il punteggio medio è 24 su 84

Statistiche sulle risposte

HintRisposta% Corretto
11Dragon Ball
100%
27Always Pokemon
88%
24Pokemon
88%
28Pokemon advanced
88%
29Pokemon Advanced Battle
88%
80Pokemon Arceus un nuovo inizio
88%
56Pokemon Go
88%
26Pokemon: oltre i cieli dell'avventura
88%
23Pokemon, the Johto League Champions
88%
25Pokemon: the master quest
88%
64Sole e Luna
88%
9What's my destiny Dragon Ball
82%
5All'arrembaggio!
71%
10Dragonball gt
71%
13Conan, il detective più famoso
65%
42Detective Conan
65%
55Lupin, ladro full-time
65%
74Lupin, un ladro in vacanza
65%
8Yu Gi-Oh
65%
51Yu Gi Oh duel runner
65%
65Yu-Gi-Oh! GX
65%
12Dragon Ball Super Kame Hameha
41%
48Naruto Shippuden
41%
18L'incredibile Hulk
35%
20Beyblade
29%
47I Cavalieri dello Zodiaco
29%
33Il ritorno dei Cavalieri dello Zodiaco
29%
31Blue Dragon
24%
15Gundam Wing
24%
7Hallo Lupin
24%
2Io credo in me
24%
41Let's and Go
24%
1Maledetti scarafaggi
24%
3My hero accademia
24%
30Superman
24%
49Gormiti che miti
18%
58Gormiti the Legend is Back
18%
37Keroro
18%
45Angela anaconda
12%
17Bayblade vforce
12%
21Diabolik
12%
4Holly e Benji forever
12%
40I cavalieri del drago
12%
32Shin Chan
12%
59Supereroi
12%
52Teen Toon Town
12%
34Zoids
12%
76Adrian
6%
77Allena la felicità
6%
53Appartamento per due
6%
43Batman of the Future
6%
57Bruco Gianluco
6%
39Chris Colorado
6%
35Cubix
6%
79Hearthstone siamo gli Eroi
6%
44He-man and the Masters of the Universe
6%
50Hover Champs
6%
46Hyou Senki
6%
84Il ragazzo che non dorme mai
6%
36La squadra del cuore
6%
22Lucky Luke cowboy solitario
6%
60Mecardimal Go!
6%
14Mega babies
6%
83Monza Is My Destiny
6%
62Movieland luci, camera, azione!
6%
38Mystic Knights: quattro cavalieri nella leggenda
6%
63Onda dopo onda
6%
81Quando il tuo nome è su Death Note
6%
61Rubami ancora il cuore
6%
78Signor S
6%
54Toon Tunz (noi siamo quelli del...)
6%
6What a Mess Slump e Arale
6%
66Before The Dome
0%
67Black Panther
0%
75Cardfight Vanguard
0%
68Full Rate
0%
82Il guardiano dei sogni
0%
69Morning Star
0%
19Rescue Heroes squadra soccorso
0%
16Roswell conspiracies
0%
70Running Cool
0%
71Tensive Call
0%
72Waiting the Night
0%
73Winner Time
0%

Distribuzione punteggi

Percentile per numero di risposta

Percentuale di utenti per punteggio

I tuoi punteggi nel tempo

Non hai fatto questo quiz